[Event "CRI-chT"]
[Site "Costa Rica"]
[Date "1998.??.??"]
[Round "4"]
[White "Gonzalez Acosta, Bernal Manuel"]
[Black "Maynard Salazar, Francis"]
[Result "1-0"]
[WhiteElo "2385"]
[BlackElo "2250"]
[PlyCount "149"]
[EventDate "1998.??.??"]
[EventType "team-tourn"]
[EventRounds "11"]
[EventCountry "CRI"]
[SourceTitle "EXT 2002"]
[Source "ChessBase"]
[SourceDate "2001.11.25"]
[SourceVersion "1"]
[SourceVersionDate "2001.11.25"]
[SourceQuality "1"]

1. f4 c5 2. Nf3 Nc6 3. g3 g6 4. Bg2 Bg7 5. d3 e6 6. 0-0 Nge7 7. e4 d6 8. Nc3 0-0 9. Be3 Nd4 10. e5 dxe5 11. fxe5 Nef5 12. Bf2 Rb8 13. Ne4 b6 14. Nxd4 cxd4 15. g4 Nh4 16. Bxh4 Qxh4 17. Nf6+ Bxf6 18. Rxf6 Bb7 19. Qe2 Bxg2 20. Kxg2 Rbc8 21. Rf4 Rfd8 22. Raf1 Rd7 23. Qf2 Qxf2+ 24. R1xf2 Rc5 25. Re4 Ra5 26. a3 Rb5 27. b3 Ra5 28. a4 Rc5 29. h4 a5 30. Kf3 Kg7 31. Re1 h6 32. Kf4 Rdd5 33. Rfe2 Rd8 34. Rb1 b5 35. axb5 Rxb5 36. Ra1 Rdd5 37. g5 Rb8 38. gxh6+ Kxh6 39. Ra4 Rc8 40. Rc4 Rcc5 41. Rxc5 Rxc5 42. Rf2 Rc7 43. Kg4 Ra7 44. Rh2 a4 45. bxa4 Rxa4 46. h5 Ra5 47. hxg6+ Kxg6 48. Kf4 Rd5 49. Rg2+ Kh6 50. Ke4 Rd7 51. Rg1 Rc7 52. Rc1 Rd7 53. Rb1 Rc7 54. Rh1+ Kg5 55. Rg1+ Kh5 56. Rc1 Rd7 57. Ra1 Rc7 58. Ra2 Kg5 59. Kxd4 Kf4 60. Ra5 Rd7+ 61. Kc3 Kf5 62. Rc5 Kf4 63. Kc4 Kf5 64. c3 Rb7 65. d4 Ke4 66. Rc8 Ra7 67. Kc5 Kf5 68. Kd6 Kg6 69. Rg8+ Kh7 70. Rg3 Ra3 71. Ke7 Ra7+ 72. Kf6 Rc7 73. Rg7+ Kh8 74. Rxf7 Rxc3 75. Kxe6 1-0

[Event "Olympiad-31"]
[Site "Moscow"]
[Date "1994.12.16"]
[Round "14.3"]
[White "Ahmed, Esam Aly"]
[Black "Maynard Salazar, Francis"]
[Result "1/2-1/2"]
[WhiteElo "2400"]
[BlackElo "2235"]
[PlyCount "168"]
[EventDate "1994.12.01"]
[EventType "team-swiss"]
[EventRounds "14"]
[EventCountry "RUS"]
[SourceTitle "CBM 045"]
[Source "ChessBase"]
[SourceDate "1995.04.01"]
[SourceVersion "1"]
[SourceVersionDate "1995.04.01"]
[SourceQuality "1"]
[WhiteTeam "Egypt"]
[BlackTeam "Costa Rica"]
[WhiteTeamCountry "EGY"]
[BlackTeamCountry "CRI"]

1. e4 c5 2. Nf3 e6 3. d4 cxd4 4. Nxd4 Nf6 5. Nc3 Nc6 6. Nxc6 bxc6 7. e5 Nd5 8. Ne4 Qc7 9. f4 f5 10. exf6 Nxf6 11. Nxf6+ gxf6 12. Qh5+ Kd8 13. Qf7 Be7 14. Qg7 Rf8 15. Qxh7 d5 16. Qh6 Rg8 17. c3 Rb8 18. Qh7 Rf8 19. h4 e5 20. Qh6 Re8 21. Be2 Qb6 22. fxe5 fxe5 23. Rf1 Ba6 24. Bxa6 Qxa6 25. g3 Qd3 26. Rf2 Qxg3 27. Qxc6 Qg1+ 28. Ke2 Qg4+ 29. Kd2 Qe4 30. b3 Rc8 31. Qh6 Rxc3 32. Kxc3 Qd4+ 33. Kc2 Qxf2+ 34. Bd2 Kd7 35. Rc1 Rc8+ 36. Kb1 Rxc1+ 37. Kxc1 Qxh4 38. Qa6 Qd4 39. Qb7+ Ke6 40. Qc8+ Kd6 41. Qb8+ Kd7 42. Qb7+ Ke6 43. Qc8+ Kf6 44. Qh8+ Kf7 45. Qh5+ Ke6 46. Qh3+ Kd6 47. Kc2 Qc5+ 48. Kb2 Qf2 49. Kc1 Bg5 50. Bxg5 Qg1+ 51. Kb2 Qxg5 52. Qc8 Qd2+ 53. Kb1 Qe1+ 54. Kb2 Qf2+ 55. Kb1 Qg1+ 56. Kb2 Qd4+ 57. Kb1 Ke7 58. Qc7+ Kf6 59. Qd8+ Kf5 60. Qf8+ Ke4 61. b4 Ke3 62. Qc5 Ke4 63. Kc2 Ke3 64. a4 Ke2 65. Kb3 Qd3+ 66. Kb2 Qc4 67. a5 Kd3 68. a6 e4 69. Qxa7 Qxb4+ 70. Ka2 Qc4+ 71. Kb2 e3 72. Qh7+ Kd2 73. a7 Qb4+ 74. Ka2 Qa5+ 75. Kb2 Qb4+ 76. Ka2 Qa4+ 77. Kb2 Qd4+ 78. Ka2 Qa4+ 79. Kb2 Qb5+ 80. Ka2 Qa6+ 81. Kb2 Qb6+ 82. Ka2 Qa6+ 83. Kb2 Qb5+ 84. Ka2 Qa4+ 1/2-1/2

[Event "Olympiad-31"]
[Site "Moscow"]
[Date "1994.12.12"]
[Round "11.4"]
[White "Mas, Hafizulhelmi"]
[Black "Maynard Salazar, Francis"]
[Result "1-0"]
[WhiteElo "2250"]
[BlackElo "2235"]
[PlyCount "77"]
[EventDate "1994.12.01"]
[EventType "team-swiss"]
[EventRounds "14"]
[EventCountry "RUS"]
[SourceTitle "CBM 045"]
[Source "ChessBase"]
[SourceDate "1995.04.01"]
[SourceVersion "1"]
[SourceVersionDate "1995.04.01"]
[SourceQuality "1"]
[WhiteTeam "Malaysia"]
[BlackTeam "Costa Rica"]
[WhiteTeamCountry "MAS"]
[BlackTeamCountry "CRI"]

1. e4 e5 2. Nf3 Nc6 3. Bb5 a6 4. Bxc6 dxc6 5. 0-0 f6 6. d4 Bg4 7. dxe5 Qxd1 8. Rxd1 fxe5 9. Rd3 Bxf3 10. gxf3 Bd6 11. Nd2 0-0-0 12. Nc4 Nf6 13. Bg5 Rd7 14. Rad1 Ne8 15. Nxe5 Bxe5 16. Rxd7 Nd6 17. Re7 Bxb2 18. e5 Nc4 19. Red7 Nd6 20. Re7 Nf5 21. Rf7 Nd4 22. Be3 Rd8 23. Bxd4 Bxd4 24. e6 Bf6 25. Rxd8+ Kxd8 26. Rd7+ Kc8 27. Kg2 b5 28. Kg3 a5 29. Kf4 a4 30. Ke4 Bb2 31. f4 Bf6 32. h4 h5 33. Kf5 a3 34. Kg6 b4 35. Rxg7 Bxh4 36. Kf7 c5 37. Rg5 Bxg5 38. fxg5 c4 39. e7 1-0

[Event "Olympiad-31"]
[Site "Moscow"]
[Date "1994.12.05"]
[Round "5.4"]
[White "Manca, Federico"]
[Black "Maynard Salazar, Francis"]
[Result "0-1"]
[WhiteElo "2375"]
[BlackElo "2235"]
[PlyCount "82"]
[EventDate "1994.12.01"]
[EventType "team-swiss"]
[EventRounds "14"]
[EventCountry "RUS"]
[SourceTitle "CBM 045"]
[Source "ChessBase"]
[SourceDate "1995.04.01"]
[SourceVersion "1"]
[SourceVersionDate "1995.04.01"]
[SourceQuality "1"]
[WhiteTeam "Italy"]
[BlackTeam "Costa Rica"]
[WhiteTeamCountry "ITA"]
[BlackTeamCountry "CRI"]

1. e4 e5 2. Nf3 Nc6 3. Bb5 a6 4. Ba4 Nf6 5. 0-0 d6 6. c3 Bd7 7. Re1 g6 8. d4 Bg7 9. dxe5 Nxe5 10. Nxe5 dxe5 11. Bc2 Bc6 12. Nd2 0-0 13. Qe2 Nh5 14. g3 Qd7 15. Nc4 a5 16. Ne3 Rad8 17. Rd1 Qh3 18. Nd5 Rd7 19. Be3 Kh8 20. Bc5 Re8 21. b4 Bxd5 22. exd5 axb4 23. Bxb4 Red8 24. c4 e4 25. Rab1 f5 26. c5 Nf6 27. f3 exf3 28. Qxf3 Ng4 29. Rd2 Rxd5 30. Re2 Ne5 31. Qe3 Nc6 32. Bc3 Bxc3 33. Qxc3+ Nd4 34. Rxb7 f4 35. Rf2 fxg3 36. hxg3 Qh5 37. Rxc7 Qe5 38. Bb3 Ne2+ 39. Rxe2 Qxc3 40. Bxd5 Qxg3+ 41. Bg2 Qxc7 0-1

[Event "CRI-ch"]
[Site "San Jose"]
[Date "1994.??.??"]
[Round "7"]
[White "Charpentier Morales, William"]
[Black "Maynard Salazar, Francis"]
[Result "1-0"]
[WhiteElo "2330"]
[BlackElo "2235"]
[PlyCount "69"]
[EventDate "1994.??.??"]
[EventType "tourn"]
[EventRounds "13"]
[EventCountry "CRI"]
[SourceTitle "EXT 2003"]
[Source "ChessBase"]
[SourceDate "2002.11.25"]
[SourceVersion "1"]
[SourceVersionDate "2002.11.25"]
[SourceQuality "1"]

1. e4 e5 2. Nf3 Nc6 3. Bb5 Nf6 4. 0-0 Nxe4 5. Re1 Nd6 6. Nxe5 Nxe5 7. Rxe5+ Be7 8. Bf1 0-0 9. Nc3 Ne8 10. d4 d6 11. Rb5 c6 12. Rb3 d5 13. Bf4 Bd6 14. Ne2 Bg4 15. Qd2 b6 16. Rg3 Nf6 17. f3 Bf5 18. Be5 Bxe5 19. dxe5 Nd7 20. Nd4 Be6 21. Qh6 g6 22. f4 c5 23. f5 Re8 24. Nc6 Bxf5 25. Nxd8 Raxd8 26. Bd3 Bxd3 27. Rxd3 Rxe5 28. Rh3 Nf8 29. Rf1 Re2 30. Re3 Re8 31. Rxe8 Rxe8 32. Qf4 Re7 33. Qf6 Rd7 34. Re1 d4 35. Re8 1-0